Rubber: Introduction and expansion with special reference to Malaya (Record no. 68181)

MARC details
000 -LEADER
fixed length control field 00339nam a2200133Ia 4500
100 ## - MAIN ENTRY--AUTHOR NAME
Personal name Jenkins R O
245 #0 - TITLE STATEMENT
Title Rubber: Introduction and expansion with special reference to Malaya
260 ## - PUBLICATION, DISTRIBUTION, ETC. (IMPRINT)
Name of publisher Planter
Year of publication 1955
300 ## - PHYSICAL DESCRIPTION
Number of Pages 125-130
650 ## - SUBJECT ADDED ENTRY--TOPICAL TERM
Topical Term Malaya
650 ## - SUBJECT ADDED ENTRY--TOPICAL TERM
Topical Term Rubber
942 ## - ADDED ENTRY ELEMENTS (KOHA)
Koha item type Journals
Holdings
Withdrawn status Lost status Damaged status Not for loan Home library Current library Shelving location Date acquired Serial Enumeration / chronology Koha item type
      Journals RRII Library RRII Library Rubber general 17/12/2021 Volume 31, Issue 3 Journals